[Event "Buenos Aires"]
[Site "Buenos Aires"]
[Date "1980.??.??"]
[Round "?"]
[White "Quinteros, Miguel Angel"]
[Black "Najdorf, Miguel"]
[Result "1/2-1/2"]
[WhiteElo "2515"]
[BlackElo "2510"]
[Annotator "Chekhov,V"]
[PlyCount "209"]
[EventDate "1980.10.15"]
[EventType "tourn"]
[EventRounds "13"]
[EventCountry "ARG"]
[EventCategory "13"]
[SourceTitle "MCL"]
[Source "ChessBase"]
[SourceDate "1999.07.01"]
[SourceVersion "1"]
[SourceVersionDate "1999.07.01"]
[SourceQuality "1"]

1. c4 Nf6 2. Nc3 c5 3. g3 e6 4. Nf3 Be7 5. Bg2 O-O 6. O-O d5 7. cxd5 Nxd5 8. d4
Nc6 9. Nxd5 exd5 10. dxc5 Bxc5 11. Qc2 Bb6 12. Ng5 g6 13. Qd2 Nd4 $6 (13... d4
14. Qf4 (14. b4 a6 15. a3 Bf5 16. Bb2 Re8 17. Rfe1 Qd7 $132 {Uhlamann,
W-Rodriguez,Am/Thessaloniki/1988/0,5 (31) Inf 46/553/}) 14... Qe7 15. Bd5 Bf5
16. e4 dxe3 17. Bxe3 h6 18. Nxf7 Rxf7 19. Bxf7+ Kxf7 20. Qxh6 Qf6 $15 {Bagirov}
) 14. Nf3 Nxf3+ 15. Bxf3 Be6 $6 (15... d4 $5 16. b3 Qe7 17. Bb2 Rd8 18. Rfd1
Bf5) 16. b3 Qe7 17. Bb2 Rad8 18. Bd4 Bxd4 19. Qxd4 $16 b6 20. e3 (20. Rfd1 $5)
20... Rd7 21. Rfd1 Rfd8 (21... Rc8 $5 22. Rac1 (22. Rd2 $5) 22... Rc5 {/\ Rdc7}
) 22. Rd2 f6 23. Rad1 Kg7 24. Bg2 (24. h4 $5) 24... Qf8 25. h3 Qe7 26. Kh2 Kg8
27. Qa4 f5 (27... Qf8 28. e4) 28. Qd4 Kf7 29. Qa4 Qc5 30. Rd4 Kg8 31. R1d2 Kg7
32. b4 Qe7 33. Qb5 Qf7 34. a4 Rd6 35. Qd3 R6d7 36. Qb5 (36. Bf3 {/\ Bd1-b3,
Qe2-d1,f3,e4}) 36... Rd6 37. Qd3 R6d7 38. a5 bxa5 39. bxa5 Qe7 40. Rb2 Kg8 41.
Rb5 Qf7 42. Rc5 Rd6 43. Qc3 R6d7 44. Rc6 Qe7 (44... Rd6 45. Rxd6 Rxd6 46. Rb4
Rd8 47. Qe5 {/\ a6,Rb7}) 45. Qb3 $6 (45. Rb4 Rd6 $140 46. Rc7 R8d7 47. Rbb7)
45... Bf7 46. Qd3 Qe5 47. Qc3 Qe7 48. Bf3 (48. Rb4 $5) 48... Rd6 49. Rc7 R6d7
50. Rc5 Qe5 51. Kg2 Be6 52. Qc1 Bf7 53. Rb4 Qf6 54. Rc6 Qe7 $6 (54... Qe5 $5)
55. Qc3 Be8 (55... Rd6 56. Rc7 R6d7 57. Rbb7) 56. Rc5 (56. a6 $5 Bf7 57. Rc8 {
/\ Rd8,Rb7}) 56... Qg7 57. Rd4 (57. Qxg7+ Kxg7 58. a6 Kf6 59. Rb7 Ke6 60. Rcc7
Rxc7 61. Rxc7 Rd7) 57... Bf7 58. Rc6 Qe5 59. h4 Kf8 60. Be2 Rd6 61. Rc5 R6d7
62. a6 Re7 63. Bb5 Qf6 $1 64. Rc6 (64. Bc6 {/\ Bb7,Rb5,Qc5} Re4 $1) 64... Qe5
65. Qa5 Rd6 66. Qb4 Rd8 67. Rc5 Rb8 68. Qc3 Rb6 69. Be2 Kg7 70. Rc8 Be6 71. Rc5
(71. Rc6 Rxc6 72. Qxc6 Rc7 {/\ Rc2}) 71... Bf7 72. Qa1 Qf6 73. Qc3 Qe5 74. h5
$6 (74. Rc8 Be6 75. Ra8 $5 (75. Rd8 Rc7 76. Qa3 Qf6) 75... Rc7 76. Qa3 Qd6 77.
Qxd6 Rxd6 78. Rb8 Bc8 79. Ra4 Kf6) 74... g5 75. Rc6 Rxc6 (75... Re6 76. Rc7)
76. Qxc6 h6 77. Bf3 Rc7 78. Qb5 Rc2 79. Qb3 Rc4 $1 80. Rd1 f4 (80... g4 81. Be2
Rc3 82. Qb7 Rc7) 81. exf4 gxf4 82. Qb7 (82. g4 d4 $13) 82... Rc7 83. Qb4 fxg3 (
83... Rc4 $5) 84. Qg4+ (84. fxg3 Rc2+ 85. Rd2 Rxd2+ 86. Qxd2 d4) 84... Kf8 (
84... Kh7 85. Qxg3 Qxg3+ 86. Kxg3 Rc6 87. Be2 Be6 88. Kf4 Bc8 89. Ra1 Kg7 90.
Ke5 $140 $4 Re6+) 85. Qb4+ Kg7 86. Re1 $1 Qf6 87. Qg4+ Kf8 88. Qxg3 Rc3 89. Rb1
(89. Qg4 d4) 89... Bxh5 90. Qb8+ Be8 91. Qb4+ Kg7 (91... Kg8 92. Bxd5+) 92.
Qg4+ Qg6 93. Rb7+ Kf6 94. Qxg6+ (94. Rxa7 Qxg4+ 95. Bxg4 d4 96. Bf3 Ra3) 94...
Bxg6 95. Bxd5 (95. Rxa7 Be4 $1 96. Bxe4 dxe4 $10 {/\ Ra3}) 95... Rc5 $1 96. Bf3
Rg5+ 97. Kh2 (97. Kf1 Ra5 $1 98. Rxa7 (98. Be2 Ra1+ 99. Kg2 Be4+) 98... Bd3+
99. Be2 $140 $4 Ra1+) 97... Bh5 98. Bg2 (98. Bxh5 Rxh5+ 99. Kg2 Rg5+ 100. Kf1
Rg7 {/\ h5-h4}) 98... Rg7 $1 $10 99. Rb8 Be2 100. Bb7 Kg5 101. Ra8 h5 102. Re8
(102. Rxa7 Bxa6 $10) 102... Bf1 (102... Bd3 $5 103. Re5+ Kf4 104. Rxh5 Rh7 $10)
103. f4+ Kh4 104. Re5 Bh3 105. Re3 (105. Re3 Bf5 $10) 1/2-1/2

[Event "Novosibirsk"]
[Site "Novosibirsk"]
[Date "1993.??.??"]
[Round "8"]
[White "Goldin, Alexander"]
[Black "Ruban, Vadim"]
[Result "1/2-1/2"]
[WhiteElo "2555"]
[BlackElo "2595"]
[Annotator "Chekhov,V"]
[PlyCount "100"]
[EventDate "1993.06.??"]
[EventType "tourn"]
[EventRounds "11"]
[EventCountry "RUS"]
[EventCategory "14"]
[SourceTitle "CBM 036"]
[Source "ChessBase"]
[SourceDate "1993.10.01"]
[SourceVersion "1"]
[SourceVersionDate "1993.10.01"]
[SourceQuality "1"]

1. d4 Nf6 2. c4 e6 3. Nf3 d5 4. Nc3 c5 5. cxd5 cxd4 6. Qxd4 (6. Qa4+ Bd7 7.
Qxd4 exd5 8. Bg5 (8. Nxd5 Qa5+ 9. Nc3 Nc6 10. Qd1 O-O-O $44) 8... Nc6 9. Qd2
Be6 10. e3 Be7 $132) 6... Nxd5 (6... exd5 $6 7. e4 Nc6 8. Bb5 Bd7 9. Bxc6 Bxc6
10. exd5 Nxd5 11. O-O $36) 7. Bg5 $1 $146 (7. Nxd5 exd5 8. e4 dxe4 9. Qxe4+ Qe7
$10 {Uhlmann,W-Keres,P Moscow 1956/}) (7. e4 Nxc3 8. Qxc3 Bd7 9. Be2 Na6 10.
O-O Rc8 11. Qb3 Nc5 12. Qe3 Be7 13. Ne5 O-O $14 {Polugaevsky,L-Keres,P Tallinn
1973; 9...Nc6!?/}) 7... f6 (7... Be7 8. Qxg7) (7... Nc6 8. Qxd5 $5 Qxd5 9. Nxd5
exd5 10. O-O-O $14) (7... Qa5 8. Bd2) 8. Nxd5 exd5 (8... fxg5 9. Nc3 Qxd4 10.
Nxd4 $14) 9. Bd2 Nc6 10. Qa4 Qb6 11. Bc3 Bd7 12. e3 Ne5 13. Qh4 (13. Qc2 $5)
13... Nxf3+ 14. gxf3 Be6 15. Bd3 $14 O-O-O 16. Rc1 Kb8 17. Ke2 Bd6 18. Qa4 Bd7
19. Qa5 Qxa5 20. Bxa5 Rde8 (20... Rc8 $5) 21. Bc3 Be5 {/\d4/} 22. Kd2 Bc6 23.
Rhg1 d4 $5 (23... Re7 $5) 24. Bxd4 Bxd4 25. exd4 Re7 26. Be4 (26. Rg3 Rd8 $36)
26... Bxe4 27. fxe4 Rxe4 28. Rxg7 Rxd4+ 29. Ke3 Rb4 30. b3 h5 31. Rf7 $14 Rc8
$1 32. Rxc8+ Kxc8 33. f4 (33. Rxf6 Rh4 $132) 33... Rb6 34. Ke4 Ra6 35. Rh7 Rxa2
36. Rxh5 Kd7 37. Rh7+ Ke6 $1 38. f5+ (38. Rxb7 Re2+ 39. Kd4 (39. Kf3 Rxh2 40.
Rxa7 Rh3+ $10) 39... Rxh2 40. Rxa7 Rh4 41. Ra6+ Kf5 $10) 38... Kd6 39. h4 Re2+
40. Kf4 Rf2+ 41. Kg4 b5 42. Rxa7 Rg2+ 43. Kh5 (43. Kf3 Rb2 $10) 43... Ke5 $1
$10 44. Ra5 Kxf5 45. Rxb5+ Ke6 46. Rb8 f5 47. b4 Kf7 48. Rb7+ Kf6 49. Rb6+ Kg7
50. Rc6 f4 1/2-1/2

[Event "Buenos Aires"]
[Site "Buenos Aires"]
[Date "1980.??.??"]
[Round "?"]
[White "Najdorf, Miguel"]
[Black "Karpov, Anatoly"]
[Result "1/2-1/2"]
[WhiteElo "2510"]
[BlackElo "2725"]
[Annotator "Chekhov,V"]
[PlyCount "46"]
[EventDate "1980.10.15"]
[EventType "tourn"]
[EventRounds "13"]
[EventCountry "ARG"]
[EventCategory "13"]
[SourceTitle "MCL"]
[Source "ChessBase"]
[SourceDate "1999.07.01"]
[SourceVersion "1"]
[SourceVersionDate "1999.07.01"]
[SourceQuality "1"]

1. Nf3 c5 2. c4 Nf6 3. g3 e6 4. Bg2 Be7 5. O-O O-O 6. Nc3 d5 7. cxd5 Nxd5 8. d4
Nc6 9. Nxd5 exd5 10. dxc5 Bxc5 11. b3 (11. Bg5 Qb6 12. Rc1 d4 13. Nd2 h6 (13...
Re8 $5) 14. Nc4 $6 (14. Ne4 $1) 14... Qa6 15. Bf4 Qxa2 16. Ne5 Bb6 $1 $15 {
Van der Sterren,P-Vaganian,R/Ter Apel/1992/0:1 (38) Inf 54/416/}) 11... Qf6 12.
Rb1 Bf5 13. Bb2 Qe7 14. Rc1 Rab8 $1 (14... Be4 15. Qd2 Bb6 (15... d4 $2 16. Qg5
$1 $16 {Huebner,R-Ivkov,B/BRD/1975/}) 16. Rfd1 Rad8 17. e3 Rfe8 $10 {O"kelly,
A-Palatnik,S/BRD/1976/}) 15. e3 $2 (15. Qxd5 $1 $18) 15... Be4 16. Nd4 Bxd4 17.
Bxd4 Bxg2 18. Kxg2 Qe4+ 19. f3 Qe6 20. Rf2 Rfd8 21. Rc3 Qf5 (21... h5 $5) 22.
Rd2 Rd7 23. Rcd3 Nb4 (23... Nb4 24. Rc3 Nc6 25. Rcd3 Nb4 $10) 1/2-1/2

[Event "FIDE-Wch k.o."]
[Site "Groningen"]
[Date "1997.12.30"]
[Round "7.9"]
[White "Anand, Viswanathan"]
[Black "Adams, Michael"]
[Result "1-0"]
[WhiteElo "2765"]
[BlackElo "2680"]
[Annotator "ChessBase"]
[PlyCount "129"]
[EventDate "1997.12.09"]
[EventType "k.o."]
[EventRounds "7"]
[EventCountry "NED"]
[SourceTitle "CBM 063"]
[Source "ChessBase"]
[SourceDate "1998.03.26"]
[SourceVersion "1"]
[SourceVersionDate "1998.03.26"]
[SourceQuality "1"]

1. e4 c6 2. d4 d5 3. exd5 cxd5 4. c4 Nf6 5. Nc3 e6 6. Nf3 Be7 7. cxd5 Nxd5 8.
Bc4 Nxc3 9. bxc3 O-O 10. O-O Nd7 11. Bd3 Qc7 12. Qe2 (12. Qc2 Nf6 13. Ne5 h6
14. Bf4 Bd6 15. Rae1 b6 16. Bxh6 gxh6 17. Qd2 Nh7 18. Qxh6 {1-0 Shamkovich,
L-Gudmundsson,E/Reykjavik op 1982/MCD-op (32)}) 12... Re8 13. c4 g6 14. c5 Nf6
15. Ne5 Bd7 16. Bf4 Qc8 17. Rab1 Nd5 18. Bg3 Rf8 19. Rfc1 Bf6 20. Nc4 Bxd4 21.
Nd6 Qd8 22. Nxb7 Qf6 23. c6 Bc8 24. Rb3 e5 25. Be4 Be6 26. Rf3 $2 Qg5 27. Qe1
Qe7 $4 (27... f5 $17 28. h4 (28. Nc5 {Anands Partieidee} Bxc5 29. Rxc5 fxe4 30.
Qxe4 $17) 28... Qg4 29. Bb1 f4 30. Bh2 Qxh4 $17) 28. Qa5 Bb6 29. Qa3 Qxa3 30.
Rxa3 f6 31. Nc5 Bxc5 32. Rxc5 Nc7 33. f3 a6 34. h4 Rad8 35. Rc1 Rd2 36. Be1
Rxa2 37. Rxa2 Bxa2 38. Ba5 Rf7 39. Rd1 Nb5 40. Rc1 Nc7 41. Rd1 Nb5 42. Rd8+ Kg7
43. Ra8 Bc4 44. Rb8 (44. c7 $1 Nxc7 45. Rc8 $18) 44... f5 45. Bc2 Bd5 46. Rb6
Nd6 (46... Nd4 47. Ba4 Ra7 48. Bb4 {/\ Bd6+-}) 47. c7 Nc8 48. Rb8 Rf8 49. Ba4
Be6 50. Bc3 $18 Kf6 51. f4 Kf7 52. Bxe5 Ne7 53. Rd8 Nc8 54. Kf2 Ke7 55. Bc6 a5
56. Bb7 Kf7 57. Bc6 Ke7 58. Bc3 Kf7 59. Bxa5 Rg8 60. Bb4 Na7 61. Ba4 Nc8 62.
Bc5 h6 63. Bb5 g5 64. fxg5 hxg5 65. h5 1-0

[Event "Montreal International"]
[Site "Montreal"]
[Date "1979.04.13"]
[Round "3"]
[White "Kavalek, Lubomir"]
[Black "Hort, Vlastimil"]
[Result "1/2-1/2"]
[WhiteElo "2590"]
[BlackElo "2600"]
[Annotator "ChessBase"]
[PlyCount "39"]
[EventDate "1979.04.11"]
[EventType "tourn"]
[EventRounds "18"]
[EventCountry "CAN"]
[EventCategory "15"]
[SourceTitle "MCL"]
[Source "ChessBase"]
[SourceDate "1999.07.01"]
[SourceVersion "1"]
[SourceVersionDate "1999.07.01"]
[SourceQuality "1"]

1. c4 Nf6 2. Nc3 e6 3. Nf3 d5 4. d4 c5 5. cxd5 Nxd5 6. e4 Nxc3 7. bxc3 cxd4 8.
cxd4 Nc6 {Fischer} (8... Bb4+ 9. Bd2 Bxd2+ 10. Qxd2 O-O {main line} 11. Bc4 Nc6
12. O-O b6 13. Rad1 Bb7 14. Rfe1 Rc8 15. d5 Na5 $6 16. Bd3 exd5 17. e5 Nc4 18.
Qf4 Nb2 19. Bxh7+ $18 {Polugaevsky,L-Tal,M/URS-ch/1969/}) 9. Bc4 b5 10. Be2 (
10. Bb3 Bb4+ 11. Bd2 Bxd2+ 12. Qxd2 a6 13. a4 O-O $10 {Spassky,B-Fischer,R (09)
/Wch Reykjavik/1972/1/2-1/2/}) 10... Bb4+ 11. Bd2 Qa5 (11... Bxd2+ 12. Qxd2 a6
13. a4 $14) 12. Rb1 (12. d5 $142 $1 exd5 13. exd5 Ne7 14. O-O Bxd2 15. Nxd2 O-O
16. Nb3 Qd8 17. Bf3 $14 {Yusupov,A-Ribli,Z/Montpellier ct/1985/}) 12... Bxd2+
13. Qxd2 a6 14. Qxa5 Nxa5 15. Kd2 (15. Bd3 Ke7 16. Rc1 Bd7 17. Kd2 {Petrosian,
T-Kortschnojm,V (2)/Il Ciocco cm/1977/1/2-1/2/}) 15... Ke7 16. Rhc1 Bd7 17. Ke3
Rhc8 18. Ne5 Be8 19. f4 f6 20. Nf3 1/2-1/2

[Event "HUN-ch39"]
[Site "Budapest"]
[Date "1984.03.31"]
[Round "4"]
[White "Portisch, Lajos"]
[Black "Pinter, Jozsef"]
[Result "0-1"]
[WhiteElo "2625"]
[BlackElo "2515"]
[Annotator "ChessBase"]
[PlyCount "66"]
[EventDate "1984.03.27"]
[EventType "tourn"]
[EventRounds "11"]
[EventCountry "HUN"]
[EventCategory "10"]
[SourceTitle "MCL"]
[Source "ChessBase"]
[SourceDate "1999.07.01"]
[SourceVersion "1"]
[SourceVersionDate "1999.07.01"]
[SourceQuality "1"]

1. d4 Nf6 2. c4 e6 3. Nf3 d5 4. Nc3 c5 5. cxd5 Nxd5 6. e4 Nxc3 7. bxc3 cxd4 8.
cxd4 Nc6 {Fischer} 9. Bc4 b5 10. Be2 Bb4+ 11. Bd2 Qa5 12. Bxb4 Qxb4+ 13. Qd2
Bb7 $5 (13... Qxd2+ $6 14. Kxd2 a6 15. Rac1 $14) 14. a3 (14. Qxb4 Nxb4 15.
Bxb5+ Ke7 16. O-O Bxe4 $10) 14... Qxd2+ 15. Kxd2 a6 16. a4 $1 b4 17. a5 $6 (17.
Rac1 $14) 17... Rd8 18. Ke3 f5 $1 19. exf5 exf5 20. Bc4 $1 Ke7 $1 21. d5 Kf6 $1
(21... Nb8 22. Kd4 $16) 22. dxc6 (22. Rhe1 Ne7 $17) 22... Rhe8+ 23. Kf4 Re4+ $1
(23... g5+ $2 24. Kg3 $1 (24. Nxg5 $2 Rd4+ 25. Kg3 Rg4+ 26. Kh3 Bxc6 $17) 24...
f4+ 25. Kh3 $16) 24. Kg3 Bc8 (24... Rg4+ 25. Kh3 Bxc6 26. Bxa6 $16) 25. Rac1 (
25. Bxa6 $5 Bxa6 26. Rhd1 Rxd1 27. Rxd1 Rg4+ 28. Kh3 Rc4 29. Rd6+ Ke7 30. Rd7+
Kf6 31. Rb7 g5 $13) 25... Rg4+ 26. Kh3 f4 27. Ne5 $2 (27. Bxa6 $1 $10 Rg3+ 28.
Kh4 Rg4+ (28... g5+ $2 29. Kh5 $18) 29. Kh3 (29. Kh5 $2 Rd5+ 30. Ne5 Rxe5#)
29... Rg3+ $10) (27. c7 Re8 $1 (27... Rg6+ 28. g4 $1 Bxg4+ 29. Kh4 $16) (27...
Rd6 28. Rhd1 Rg6+ 29. g4 (29. Kh4 Rh6#) 29... fxg3+ (29... Bxg4+ 30. Kh4 $18)
30. Kg2 gxf2+ 31. Kxf2 Rc6 32. Bd3 $18) 28. Bxa6 $1 $10 (28. Rhe1 g5 $19) 28...
Rg3+ 29. Kh4 Rg4+ 30. Kh3 $10 (30. Kh5 $2 Re5+ 31. Nxe5 g6+ 32. Nxg6 hxg6+ 33.
Kh6 Rh4#)) 27... Kg5 $1 $19 (27... Kxe5 28. Rhe1+ Kf6 29. Be6 $1 $16) 28. Nf7+
(28. Nf3+ Kh6 29. Rhd1 Rg3+ 30. Kh4 Rxf3 31. gxf3 g5#) 28... Kh5 29. Be2 Rd3+
$1 30. g3 (30. Bf3 Rxf3+ 31. gxf3 Rg3#) 30... f3 31. Rc5+ Rg5+ 32. g4+ Bxg4+
33. Kg3 fxe2+ 0-1

[Event "Montreal International"]
[Site "Montreal"]
[Date "1979.05.02"]
[Round "16"]
[White "Karpov, Anatoly"]
[Black "Tal, Mihail"]
[Result "1/2-1/2"]
[WhiteElo "2705"]
[BlackElo "2615"]
[Annotator "ChessBase"]
[PlyCount "64"]
[EventDate "1979.04.11"]
[EventType "tourn"]
[EventRounds "18"]
[EventCountry "CAN"]
[EventCategory "15"]
[SourceTitle "MCL"]
[Source "ChessBase"]
[SourceDate "1999.07.01"]
[SourceVersion "1"]
[SourceVersionDate "1999.07.01"]
[SourceQuality "1"]

1. c4 Nf6 2. Nc3 c5 3. Nf3 e6 4. g3 d5 5. cxd5 Nxd5 6. Bg2 Nc6 7. O-O Be7 8. d4
O-O 9. Nxd5 (9. e4 $5) 9... exd5 10. Be3 (10. dxc5 Bxc5 11. Bg5 Qb6 (11... f6
12. Rc1 (12. Bd2)) 12. Qxd5 Be6 $10) 10... c4 (10... cxd4 $6 11. Nxd4 $14) (
10... Bf6 11. dxc5 Bxb2 12. Rb1 Bf6 13. Ne1 d4 14. Bf4 Qa5 15. Nd3 $13 {
Portisch,L-Keres,P/Petropolis izt/1973/}) 11. b3 (11. Ne5 f6 (11... Be6 $6 12.
Nxc4 dxc4 13. d5 $14) (11... Na5 $5) 12. Nxc6 bxc6 13. b3 Ba6 $10) 11... cxb3 (
11... Bf6 12. bxc4 dxc4 13. Rb1 Qa5 14. a4 a6 15. Nd2 $14) 12. Qxb3 (12. axb3
Be6 13. Ne5 Qb6 14. Nd3 Bf6 $13 {Gurevich,D-Gruenfeld,Y/Las Vegas/1985/}) 12...
Na5 13. Qb1 Bg4 14. a4 Rc8 15. Qa2 (15. Ra2 {/\Ne5}) 15... Nc4 16. Bf4 Qd7 17.
Rfb1 f6 18. Qb3 b6 19. h4 Bf5 20. Rc1 Be4 21. Nd2 Bxg2 22. Kxg2 Na5 (22... g5
$6 23. hxg5 fxg5 24. Be3 Nxe3+ (24... Qe6 $5) 25. Qxe3 $14) 23. Qb5 Qxb5 24.
axb5 Bb4 25. Nf1 Kf7 26. Bd2 Bxd2 27. Nxd2 Ke6 28. Kf3 Kd7 29. Ke3 Rxc1 30.
Rxc1 Ra8 $1 31. Kd3 a6 32. bxa6 Rxa6 1/2-1/2

[Event "YUG-ch53"]
[Site "Belgrade "]
[Date "1998.03.26"]
[Round "12"]
[White "Markovic, Miroslav"]
[Black "Djuric, Stefan"]
[Result "1-0"]
[WhiteElo "2540"]
[BlackElo "2520"]
[Annotator "ChessBase"]
[PlyCount "121"]
[EventDate "1998.03.14"]
[EventType "tourn"]
[EventRounds "15"]
[EventCountry "YUG"]
[EventCategory "10"]
[SourceTitle "CBM 064"]
[Source "ChessBase"]
[SourceDate "1998.06.02"]
[SourceVersion "1"]
[SourceVersionDate "1998.06.02"]
[SourceQuality "1"]

1. e4 c5 2. c3 d5 3. exd5 Qxd5 4. d4 cxd4 5. cxd4 e6 6. Nc3 Qd8 7. Nf3 Nf6 8.
Bd3 Be7 9. O-O (9. Bg5 O-O (9... Nc6 10. O-O O-O 11. Rc1 b6 12. Re1 Bb7 13. Bb1
Rc8 14. a3 g6 15. Qd3 Re8 16. Ba2 Nd5 17. Bxd5 Bxg5 18. Nxg5 Qxg5 19. Bf3 Red8
20. Qe3 Qxe3 21. fxe3 Na5 22. Bxb7 Nxb7 23. Nb5 a6 24. Na7 Rxc1 25. Rxc1 Nd6 {
1/2-1/2 Onischuk,A-Rogers,I/World Cities 1997/EXP 58 (39)}) 10. Bc2 Nc6 11. a3
b6 12. Qd3 g6 13. h4 $5 a5 14. h5 Ba6 15. Qd2 Qc7 16. hxg6 fxg6 17. Bb3 Nd8 18.
Qe3 Bc4 19. Bxc4 Qxc4 20. Ne5 Qa6 21. Bh6 Re8 22. Qg3 Bd6 23. Bf4 Bxe5 24. Bxe5
Nd7 25. Qh4 Nf8 26. Qf6 {1-0 Vadasz,L-Sapi,L/HUN-ch 1977/MCD-ch}) 9... O-O 10.
Re1 (10. Qe2 Nc6 11. Rd1 (11. Be3 Nb4 12. Bc4 Nbd5 13. Ne5 {1-0 Werner,I-Deml,
T/Regensburg op 1996/EXT 96op2 (34)})) (10. Be3 Nbd7 11. Qe2 Nb6 12. Rad1 Nbd5
13. Ne5 a6 14. Bg5 g6 15. Bh6 Re8 16. Qf3 Nxc3 17. bxc3 Bf8 18. Bg5 Be7 19.
Rfe1 Kg7 20. Bh6+ Kg8 21. Re4 Bd7 22. Rh4 Bc6 23. Qg3 Bd6 24. Bg5 Rf8 25. Qh3
Be7 26. Bxg6 fxg6 27. Qxe6+ Kh8 28. Nxg6+ Kg7 29. Nxe7 {1-0 Rosa,F-Correa,J/
CHI-ch 1997/EXP 58}) 10... a6 11. Bg5 (11. Bc2 $5) 11... h6 12. Bh4 Nc6 13. a3
Nh5 14. Bxe7 Nxe7 15. Ne5 Nf6 16. Ne4 Nfd5 (16... Ned5 17. Rc1 $14 {[%csl Yc5,
Yc6]}) 17. Qd2 b6 (17... Bd7) (17... Nf5 $5) 18. Ng3 Bb7 (18... Nf6 $142 19.
Rac1 Bb7) 19. Ng4 Ng6 (19... Rc8 $2 20. Nxh6+ gxh6 21. Qxh6 f5 22. Rxe6 Rf7 23.
Nxf5 $18) 20. Bxg6 fxg6 21. Ne5 Nf4 22. f3 $14 Rc8 23. Rac1 Rxc1 24. Rxc1 h5
25. Rd1 g5 26. Ne2 Nd5 27. Nc3 Nf4 28. Ne2 Nd5 29. Nc3 Nf4 30. Ne2 Nd5 31. h3
b5 32. Rc1 Re8 $2 (32... Nf4 $5 33. Nxf4 Rxf4 $11) 33. Rc5 Qe7 34. Qc2 Qf6 35.
Qg6 (35. Ng3 Qf4 36. Qf2 h4 37. Ne4 Rd8 $14) 35... Qxg6 36. Nxg6 Rd8 37. Nc3
Kh7 38. Ne5 Nf4 $2 (38... Nxc3 39. bxc3 Bd5 40. Kf2 $14) 39. Rc7 $16 Ba8 (39...
Bd5 40. Nf7 Rf8 41. Nxg5+ Kg6 42. h4 $16) 40. Ra7 Bd5 (40... Rxd4 41. Rxa8 Rd2
42. Ne4 Rxg2+ 43. Kf1 $18) 41. Nf7 $18 Rb8 42. Rxa6 g4 43. Ng5+ Kg8 (43... Kg6
44. Nxd5 Kxg5 45. h4+ Kf5 46. Nxf4 Kxf4 47. fxg4 Kxg4 48. Rxe6 $18) 44. hxg4
Bc4 45. Ra7 hxg4 46. fxg4 Bb3 $6 (46... Nd5 47. Nxd5 Bxd5 48. Re7 Rd8 49. Kf2
$18) 47. Nxb5 $18 Bd5 (47... Rxb5 $4 48. Ra8+ Rb8 49. Rxb8#) 48. Nc3 Bxg2 49.
Rf7 Nh3+ 50. Kxg2 Nxg5 51. Rf2 Nh7 52. Re2 Ng5 53. Rf2 Rb3 54. Re2 Kf7 55. Kg3
Nh7 56. Kf4 g5+ 57. Ke5 Ke7 58. d5 exd5 59. Nxd5+ Kf7 60. a4 Rg3 61. Re4 1-0

[Event "Paris FIDE GP"]
[Site "Elancourt"]
[Date "2013.09.27"]
[Round "5"]
[White "Gelfand, Boris"]
[Black "Wang, Hao"]
[Result "1/2-1/2"]
[WhiteElo "2764"]
[BlackElo "2747"]
[Annotator "ChessBase Website"]
[PlyCount "63"]
[EventDate "2013.09.22"]
[EventType "tourn"]
[EventRounds "11"]
[EventCountry "FRA"]
[EventCategory "20"]
[SourceTitle "CBM 157"]
[Source "ChessBase"]
[SourceDate "2013.11.12"]
[SourceVersion "1"]
[SourceVersionDate "2013.11.12"]
[SourceQuality "1"]
[TimeControl "40/7200:20/3600:900+30"]
[WhiteClock "2:00:00"]
[BlackClock "2:00:00"]

1. d4 {[%emt 0:00:01]} Nf6 {[%emt 0:00:21]} 2. c4 {[%emt 0:00:04]} e6 {[%emt 0:
00:05]} 3. Nf3 {[%emt 0:00:12]} d5 {[%emt 0:00:06]} 4. Nc3 {[%emt 0:00:04]} c5
{[%emt 0:00:05]} 5. cxd5 {[%emt 0:00:39]} Nxd5 {[%emt 0:00:07] This line of
the Queen's Gambit has become a little more popular in the last year. Black's
idea is to accept a slightly worse position but with the goal of quickly
exchanging pieces and hoping to salvage a draw in an endgame that is not so
dangerous. This is precisely what happened today; after the queenside was
annihilated and many pieces were traded off there simply wasn't enough
material to play on.} 6. e4 {[%emt 0:01:21]} Nxc3 {[%emt 0:00:05]} 7. bxc3 {
[%emt 0:00:02]} cxd4 {[%emt 0:00:07]} 8. cxd4 {[%emt 0:00:03]} Bb4+ {[%emt 0:
00:07]} 9. Bd2 {[%emt 0:00:12]} Bxd2+ {[%emt 0:00:06]} 10. Qxd2 {[%emt 0:00:02]
} O-O {[%emt 0:00:08]} 11. Bc4 {[%emt 0:01:21]} Nd7 {[%emt 0:00:16]} 12. O-O {
[%emt 0:01:19]} b6 {[%emt 0:00:04]} 13. a4 {[%emt 0:00:31]} Bb7 {[%emt 0:00:06]
} 14. Rfe1 {[%emt 0:00:03]} Rc8 {[%emt 0:00:21]} 15. Bd3 {[%emt 0:00:11]} Nb8 {
[%emt 0:05:29]} 16. a5 {[%emt 0:14:58]} bxa5 {[%emt 0:03:29]} 17. d5 $146 {
[%emt 0:00:27]} (17. Qxa5 Qxa5 18. Rxa5 Nc6 19. Ra4 a5 20. Nd2 Nb4 21. Bb1 Rfd8
22. Nb3 Ba6 23. Rxa5 Bc4 24. Ra4 Rb8 25. Na5 Rxd4 26. Rxb4 Rxb4 27. Nc6 Bb5 28.
Nxb4 Rxb4 29. e5 Bc6 30. Bd3 g5 31. f3 Kg7 32. Kf2 h5 33. Be4 Bxe4 34. Rxe4
Rb2+ 35. Kg1 Kg6 36. h4 gxh4 37. Rxh4 Re2 38. f4 Ra2 39. Kh2 Kf5 40. Kh3 Ra1
41. Kh2 Ke4 42. g3 Kf3 43. f5 Ra5 44. fxe6 fxe6 45. Rxh5 Kg4 {1/2-1/2 (45)
Sargissian,G (2693)-Berkes,F (2685) Istanbul 2012}) 17... Nd7 {[%emt 0:07:33]}
18. Rxa5 {[%emt 0:18:54]} exd5 {[%emt 0:17:22]} 19. e5 {[%emt 0:12:47]} Nc5 {
[%emt 0:00:13]} 20. Rxa7 {[%emt 0:00:55]} Qb6 {[%emt 0:10:06]} 21. Ra3 {
[%emt 0:10:29]} Ne4 {[%emt 0:08:46]} 22. Qe3 {[%emt 0:03:20]} Qxe3 {[%emt 0:00:
45]} 23. fxe3 {[%emt 0:00:33]} Ra8 {[%emt 0:03:25]} 24. Rxa8 {[%emt 0:16:27]}
Rxa8 {[%emt 0:00:09]} 25. Bxe4 {[%emt 0:02:38]} dxe4 {[%emt 0:00:08]} 26. Nd4 {
[%emt 0:00:00]} Bc8 {[%emt 0:02:29]} 27. Rc1 {[%emt 0:00:37]} g5 {[%emt 0:01:
58]} 28. Rc6 {[%emt 0:05:05]} Kg7 {[%emt 0:04:16]} 29. Rc7 {[%emt 0:09:33]} Kg6
{[%emt 0:00:47]} 30. Rc6+ {[%emt 0:00:08]} Kg7 {[%emt 0:00:04]} 31. Rc7 {
[%emt 0:00:16]} Kg6 {[%emt 0:00:05]} 32. Rc6+ {[%emt 0:00:05]} 1/2-1/2

[Event "Dubna"]
[Site "Dubna"]
[Date "1979.??.??"]
[Round "?"]
[White "Razuvaev, Yuri S"]
[Black "Farago, Ivan"]
[Result "1-0"]
[WhiteElo "2470"]
[BlackElo "2510"]
[Annotator "ChessBase/Kramnik"]
[PlyCount "61"]
[EventDate "1979.??.??"]
[EventType "tourn"]
[EventRounds "17"]
[EventCountry "URS"]
[EventCategory "7"]
[SourceTitle "EXT 1999"]
[Source "ChessBase"]
[SourceDate "1998.11.16"]
[SourceVersion "1"]
[SourceVersionDate "1998.11.16"]
[SourceQuality "1"]

1. d4 d5 2. c4 e6 3. Nf3 Nf6 4. Nc3 c5 5. cxd5 Nxd5 6. e3 Nc6 7. Bc4 cxd4 8.
exd4 Be7 9. O-O O-O 10. Bd3 Nxc3 11. bxc3 b6 12. Re1 Bb7 {[#]} 13. h4 $1 {
Kramnik: Pamjati Shakhmatnogo Akademia. In Postovski: Akademik shakhmat Yuri
Razuvaev. p.4.} Na5 14. Ng5 h6 15. Qh5 Bd5 16. Nh7 Re8 17. Bxh6 gxh6 18. Qxh6
f5 19. Re3 Bxh4 20. Rg3+ Bxg3 21. Qg6+ Kh8 22. Nf6 Bh2+ 23. Kh1 Qxf6 24. Qxf6+
Kg8 25. Kxh2 Rac8 26. Rh1 Rc7 27. Qg6+ Kf8 28. Kg1 Rf7 29. Qg5 Rg7 30. Rh8+ Kf7
31. Qh5+ 1-0